Antibióticos y acción antimicrobiana /
Guardado en:
| Autor Principal: | |
|---|---|
| Otros Autores: | |
| Formato: | Libro |
| Publicado: |
Barcelona :
Omega,
1980
|
| Materias: | |
| Etiquetas: |
Agregar Etiqueta
Sin Etiquetas, Sea el primero en etiquetar este registro!
|
| LEADER | 00926nam a22001935a 4500 | ||
|---|---|---|---|
| 001 | CEM.cems016582 | ||
| 005 | 20141030124738.0 | ||
| 008 | 130507s1980##################000#0#####d | ||
| 003 | CEMS | ||
| 082 | 0 | 4 | |a 574 |
| 100 | 1 | |a Hammond, Stephen M. | |
| 245 | 1 | 0 | |a Antibióticos y acción antimicrobiana / |c Stephen M. Hammond y Peter A. Lambert |
| 260 | |a Barcelona : |b Omega, |c 1980 | ||
| 300 | |a 63 p. | ||
| 505 | 0 | |a Los antibióticos como agentes quimioterápicos -- El estudio de la actividad antibiótica -- Inhibidores de la síntesis de la pared celular -- Agentes antimicrobianos que actúan sobre las membranas celulares-- Inhibidores de los ácidos nucleicos -- Inhibidores de la función ribosómica -- Inhibidores metabólicos -- El futuro de la quimioterapia | |
| 653 | |a Antibióticos | ||
| 653 | |a Antibióticos-mecanismo de acción | ||
| 700 | 1 | |a Lambert, Peter A. | |
| 859 | |a CEMS |b BIB. CEMS - Agricultura |h 574 |i H185 |p A18225.95 |t Ej.1 | ||
